|
|
|
|
| LEADER |
00000nam a22000005a 4500 |
| 001 |
vtls011744882 |
| 003 |
SK-MaSNL |
| 005 |
20260224002714.0 |
| 008 |
210928i1967 xr 000 0 cze |
| 040 |
|
|
|a SNK
|b slo
|c SNK
|e AACR2
|
| 041 |
|
|
|a cze
|
| 044 |
|
|
|a xr
|c CZ
|
| 245 |
1 |
|
|a Plán činnosti Městské knihovny v Praze za rok 1968
|c kolektiv vedoucích pracovníků
|
| 260 |
|
|
|a Praha
|b Městská knihovna
|c 1968
|
| 300 |
|
|
|a 79 s.
|
| 852 |
|
|
|a Slovenská národná knižnica v Martine
|b 10000
|h OIB 250
|
| 958 |
|
|
|a OND
|
| 999 |
|
|
|c 768752
|d 770682
|
| 952 |
|
|
|a SNK
|b SNK
|y VYP
|7 0
|p 17A1153134
|o snkOIB 250
|i snkKIP 1407/68
|3 Rekatalogizácia
|0 0
|1 0
|4 0
|d 2018-03-06
|l 0
|r 2026-02-24 00:27:14
|w 2026-02-24
|
| 952 |
|
|
|a SNK
|b SNK
|y VYP
|7 0
|p 17A1153135
|o snkOIB 250 D1
|i snkKIP 1408/68
|0 0
|1 0
|4 0
|d 2018-03-06
|l 0
|r 2026-02-24 00:27:14
|w 2026-02-24
|